000
00323nam a2200109Ia 4500
008
171211s9999 xx 000 0 und d
245
_a
Rhetorical Style: The Uses of Language in Persuasion
245
_c
Jeanne Fahnestock
260
_c
2011
650
_x
LANGUAGES
856
_u
http://down.ebook777.com/025/9780199764112.pdf
999
_c
349738
_d
349738